000 00946nam a2200217 a 4500
001 000017334
003 OSt
005 20250404193304.0
008 100322s1937 dr 000 f spa d
040 _aDO-SdBNP
_bspa
_cBNPHU
082 4 _a863.4
_bS238p
_222
100 1 _aSanz Lajara, J. M.
_d1917-1963
_q(José Mariano),
_96623
245 1 3 _aEl príncipe y la comunista :
_bla novelas de los amores y los horrores /
_cJ. M. Sanz Lajara.
260 _aCiudad Trujillo, República Dominicana :
_bCosmopolita,
_c1937.
300 _a202 p. ;
_c24 cm.
505 0 _aDedicatoria -- Al levantar el telón -- Primera parte: sinfonía de odios y amores -- Segunda parte: sinfonía de olvidos -- Tercera parte : intermedio antitético -- Cuarta Parte: sinfonía de horrores -- Quinta parte: sinfonía final.
650 0 _aNovela dominicana
_9223
650 0 _aLiteratura dominicana.
_967
910 _aValidado. Control de calidad MFF
942 _2ddc
_cLBS1
999 _c16859
_d16859